Arsenal Players Used Most By Unai Emery - Statistics

General Stats
  • This quiz has been taken 158 times
  • The average score is 7 of 10
Answer Stats
Apps Answer % Correct
67 Aubameyang
94%
59 Lacazette
92%
49 Leno
85%
51 Xhaka
79%
47 Mustafi
69%
54 Sokratis
66%
67 Torreira
51%
66 Guendouzi
50%
48 Kolasinac
41%
51 Iwobi
39%
No matching quizzes found
Score Distribution
Percent of People with Each Score
Percentile by Number Answered
Your Score History
You have not taken this quiz